| 000 | 00566nam a2200205 a 4500 | ||
|---|---|---|---|
| 001 | 4081 | ||
| 005 | 20140414131954.0 | ||
| 008 | 081222s19uu xx 00 eng d | ||
| 020 | _a0-439-41285-4 | ||
| 050 |
_aM 551.22 _bH36 2003 |
||
| 050 |
_aM 551.22 _bH36 2002 |
||
| 100 | _aHeiligman, Deborah | ||
| 245 |
_aEarthquakes / _cDeborah Heiligman. |
||
| 260 |
_aNew York : _bScholastic, _c2003. |
||
| 300 | _a48 p. : col., ill. ; cm. | ||
| 440 | _aScholastic Science Readers | ||
| 650 |
_aEarthquakes _xJuvenile literature. |
||
| 999 |
_c112864 _d112864 |
||